New design rules (Record no. 117096)
[ view plain ]
| 000 -LEADER | |
|---|---|
| fixed length control field | 01154cam a2200217 4500 |
| 001 - CONTROL NUMBER | |
| control field | WB4010-04 |
| 008 - FIXED-LENGTH DATA ELEMENTS--GENERAL INFORMATION | |
| fixed length control field | 040311n2004 000 0 eng u |
| 035 ## - SYSTEM CONTROL NUMBER | |
| System control number | (Sirsi) u125403 |
| 245 ## - TITLE STATEMENT | |
| Title | New design rules |
| 260 ## - PUBLICATION, DISTRIBUTION, ETC. | |
| Date of publication, distribution, etc. | 2004 |
| 490 ## - SERIES STATEMENT | |
| Series statement | ODPM News Release |
| Volume/sequential designation | (2004/0050) 10 March 2004 (2) |
| 520 ## - SUMMARY, ETC. | |
| Summary, etc. | The ODPM has annouced a review of building controls to create better quality housing designed to adapt to changing household needs. Existing building regulations on accessibility could be strengthened by introducing the lifetime homes standard, which are a series of design features to ensure that flexibility is built in at the design stage. Possible features for greater flexibility include stairs designed to take a stair lift at a late stage and ground floor space for installation of a shower if required. For the ODPM News Release: http://www.odpm.gov.uk/pns/DisplayPN.cgi?pn_id=200 4_0050 |
| 590 ## - LOCAL NOTE (RLIN) | |
| Local note | WB |
| 590 ## - LOCAL NOTE (RLIN) | |
| Local note | WB |
| 650 ## - SUBJECT ADDED ENTRY--TOPICAL TERM | |
| Topical term or geographic name entry element | HOUSE DESIGNS |
| 650 ## - SUBJECT ADDED ENTRY--TOPICAL TERM | |
| Topical term or geographic name entry element | BUILDING REGULATIONS |
| 9 (RLIN) | 6224 |
| 650 ## - SUBJECT ADDED ENTRY--TOPICAL TERM | |
| Topical term or geographic name entry element | LIFETIME HOMES |
| 650 ## - SUBJECT ADDED ENTRY--TOPICAL TERM | |
| Topical term or geographic name entry element | INCLUSIVE DESIGN |
| 690 ## - LOCAL SUBJECT ADDED ENTRY--TOPICAL TERM (OCLC, RLIN) | |
| Topical term or geographic name as entry element | BUILDING AND CONSTRUCTION-REGULATION AND CONTROL |
| 942 ## - ADDED ENTRY ELEMENTS (KOHA) | |
| Suppress in OPAC | 0 |
| Withdrawn status | Lost status | Source of classification or shelving scheme | Damaged status | Not for loan | Home library | Current library | Shelving location | Date acquired | Total Checkouts | Full call number | Barcode | Date last seen | Copy number | Price effective from | Koha item type |
|---|---|---|---|---|---|---|---|---|---|---|---|---|---|---|---|
| Dewey Decimal Classification | London | London | News article | 11/03/2004 | WB4010-04 | 125403-1001 | 06/08/2019 | 1 | 06/08/2019 | News article |